000 00725nam a2200289Ia 4500
005 20260324113945.0
008 008 260324s9999 xx 000 0 eng d
020 _a9781003368687
037 _aEBOOK
040 _aCRL
040 _beng
040 _cCRL
041 _2eng
041 _aeng
084 _qCRL
100 _aJoanna Duda; Tomasz Bernat
_91148849
245 0 _aBusiness Impacts of COVID-19
245 0 _bInternational Business, Crisis Management, and the Global Economy
260 _bTaylor and Francis
260 _c2023
365 _a
365 _b220
856 _uhttp://www.taylorfrancis.com/books/9781003368687
942 _cEBOOK
999 _c1738777
_d1738777